[Event "XXXI Torneo A di Capodanno"]
[Site "Reggio nell'Emilia ITA"]
[Date "1988.12.28"]
[Round "1"]
[White "Gurevich, Mikhail N."]
[Black "Andersson, Ulf"]
[WhiteElo "2630"]
[BlackElo "2625"]
[Result "1-0"]
[PlyCount "119"]
[EventDate "1988.12.28"]

1. d4 Nf6 2. c4 e6 3. Nc3 d5 4. Nf3 Nbd7 5. cxd5 exd5 6. Bf4 c6 7. Qc2 Be7 8.
h3 O-O 9. e3 Re8 10. Bd3 Nf8 11. g4 Bd6 12. Bxd6 Qxd6 13. O-O-O Be6 14. Kb1
Rac8 15. Rc1 Qb8 16. g5 N6d7 17. Qd2 Rc7 18. h4 Nb6 19. Qc2 Nc4 20. Nd2 Nd6 21.
Ne2 b6 22. e4 dxe4 23. Nxe4 Rcc8 24. f3 Nxe4 25. Bxe4 Bd5 26. Nc3 Bxe4 27. fxe4
Ne6 28. Rcd1 Red8 29. d5 cxd5 30. exd5 Nc5 31. Rhf1 Nb7 32. h5 Qg3 33. g6 fxg6
34. Rg1 Qh3 35. hxg6 hxg6 36. Qxg6 Qh7 37. Ne4 Qxg6 38. Rxg6 Nc5 39. Ng3 Rc7
40. Nh5 Kh7 41. Rdg1 Rxd5 42. Rxg7+ Rxg7 43. Nf6+ Kh6 44. Rh1+ Kg6 45. Nxd5 Rd7
46. Nb4 Kf5 47. Rh8 a5 48. Nc6 Ke6 49. Rb8 Kd5 50. Rxb6 Rd6 51. Ne7+ Ke6 52.
Rb5 Ne4 53. Ng6 Kf6 54. Nf4 a4 55. a3 Rd2 56. Nd5+ Ke6 57. Nb6 Rd4 58. Ra5 Nd2+
59. Ka2 Kd6 60. Rxa4 1-0

[Event "XXXI Torneo A di Capodanno"]
[Site "Reggio nell'Emilia ITA"]
[Date "1988.12.28"]
[Round "1"]
[White "Ribli, Zoltan"]
[Black "Sokolov, Ivan"]
[WhiteElo "2630"]
[BlackElo "2570"]
[Result "1/2-1/2"]
[PlyCount "43"]
[EventDate "1988.12.28"]

1. c4 Nf6 2. Nc3 e5 3. Nf3 Nc6 4. d3 h6 5. e3 g6 6. Be2 Bg7 7. O-O O-O 8. a3 a5
9. Qc2 d6 10. b3 Re8 11. Bb2 Be6 12. Rfd1 Qe7 13. Rac1 Rad8 14. Nd2 d5 15. cxd5
Nxd5 16. Nde4 f5 17. Nxd5 Bxd5 18. Nc3 Bf7 19. Na4 Nb8 20. Bf3 b6 21. Nc3 Qe6
22. b4 1/2-1/2

[Event "XXXI Torneo A di Capodanno"]
[Site "Reggio nell'Emilia ITA"]
[Date "1988.12.28"]
[Round "1"]
[White "Sax, Gyula"]
[Black "Ehlvest, Jaan"]
[WhiteElo "2600"]
[BlackElo "2580"]
[Result "1-0"]
[PlyCount "51"]
[EventDate "1988.12.28"]

1. e4 c5 2. Nf3 e6 3. d4 cxd4 4. Nxd4 Nf6 5. Nc3 d6 6. g4 Be7 7. g5 Nfd7 8. h4
Nc6 9. Be3 O-O 10. Qh5 d5 11. O-O-O dxe4 12. Nxe4 Qa5 13. Nxc6 bxc6 14. Bd4 e5
15. Bc3 Qxa2 16. Rxd7 Bxd7 17. Nf6+ Bxf6 18. gxf6 Qa1+ 19. Kd2 Qa4 20. b4 Rfd8
21. Bd3 gxf6 22. Ra1 Qb5 23. Qxh7+ Kf8 24. Qh6+ Ke7 25. Bxb5 cxb5 26. Qe3 1-0

[Event "XXXI Torneo A di Capodanno"]
[Site "Reggio nell'Emilia ITA"]
[Date "1988.12.29"]
[Round "2"]
[White "Andersson, Ulf"]
[Black "Ivanchuk, Vassily"]
[WhiteElo "2625"]
[BlackElo "2625"]
[Result "1/2-1/2"]
[PlyCount "100"]
[EventDate "1988.12.28"]

1. Nf3 Nf6 2. c4 g6 3. g3 Bg7 4. Bg2 O-O 5. O-O d6 6. Nc3 c5 7. a3 Nc6 8. Rb1
d5 9. b3 h6 10. cxd5 Nxd5 11. Nxd5 Qxd5 12. d3 Bd7 13. Be3 Qh5 14. Qd2 a5 15.
Rfc1 b6 16. Ne1 Rac8 17. Bf3 Qh3 18. Bg2 Qe6 19. Nc2 h5 20. d4 Nxd4 21. Nxd4
cxd4 22. Bxd4 Rxc1+ 23. Rxc1 Qd6 24. Rd1 Be6 25. Bxg7 Qxd2 26. Rxd2 Kxg7 27. b4
Rc8 28. f4 axb4 29. axb4 Rc4 30. Rb2 h4 31. Kf2 h3 32. Bf3 g5 33. fxg5 Kg6 34.
Ke3 Kxg5 35. Be4 Kf6 36. Bd3 Rg4 37. b5 Ra4 38. Rb1 Ke5 39. Rc1 Bd5 40. Rc7 Kf6
41. Rc8 Ra1 42. Rb8 Rh1 43. Rxb6+ e6 44. Rb8 Kg7 45. b6 Rxh2 46. b7 Kf6 47. g4
Ke5 48. Rf8 Bxb7 49. Rxf7 Bd5 50. Rh7 Rg2 1/2-1/2

[Event "XXXI Torneo A di Capodanno"]
[Site "Reggio nell'Emilia ITA"]
[Date "1988.12.29"]
[Round "2"]
[White "Ehlvest, Jaan"]
[Black "Damljanovic, Branko"]
[WhiteElo "2580"]
[BlackElo "2565"]
[Result "1/2-1/2"]
[PlyCount "29"]
[EventDate "1988.12.28"]

1. Nf3 Nf6 2. d4 e6 3. c4 b6 4. g3 Bb7 5. Bg2 Be7 6. O-O O-O 7. Nc3 Ne4 8. Nxe4
Bxe4 9. Ne1 Bxg2 10. Nxg2 d5 11. Qa4 dxc4 12. Qxc4 c5 13. dxc5 Bxc5 14. Be3
Bxe3 15. Nxe3 1/2-1/2

[Event "XXXI Torneo A di Capodanno"]
[Site "Reggio nell'Emilia ITA"]
[Date "1988.12.29"]
[Round "2"]
[White "Ribli, Zoltan"]
[Black "Gurevich, Mikhail N."]
[WhiteElo "2630"]
[BlackElo "2630"]
[Result "1/2-1/2"]
[PlyCount "37"]
[EventDate "1988.12.28"]

1. d4 Nf6 2. Nf3 e6 3. c4 b6 4. g3 Ba6 5. b3 Bb4+ 6. Bd2 Be7 7. Nc3 O-O 8. e4
d5 9. cxd5 Bxf1 10. Kxf1 exd5 11. e5 Ne4 12. Kg2 Qd7 13. Qc2 Nxc3 14. Bxc3 Nc6
15. h4 f5 16. Rac1 Nd8 17. Bd2 Rc8 18. Bg5 c6 19. Bxe7 1/2-1/2

[Event "XXXI Torneo A di Capodanno"]
[Site "Reggio nell'Emilia ITA"]
[Date "1988.12.29"]
[Round "2"]
[White "Sokolov, Ivan"]
[Black "Georgiev, Kiril D."]
[WhiteElo "2570"]
[BlackElo "2595"]
[Result "0-1"]
[PlyCount "58"]
[EventDate "1988.12.28"]

1. d4 Nf6 2. c4 c5 3. d5 d6 4. Nc3 g6 5. Nf3 Bg7 6. g3 O-O 7. Bg2 e6 8. O-O
exd5 9. cxd5 a6 10. a4 Re8 11. h3 Nbd7 12. Bf4 Qc7 13. Rc1 Rb8 14. Qd3 c4 15.
Qd1 Nh5 16. Bd2 Nc5 17. Na2 b5 18. axb5 axb5 19. g4 Nf6 20. Bc3 Ra8 21. Nb4 Nb3
22. Rb1 h5 23. g5 Ne4 24. Bxg7 Kxg7 25. Nc6 Qb6 26. h4 Ng3 27. Re1 Bf5 28. Nfd4
Bxb1 29. Nxb3 cxb3 0-1

[Event "XXXI Torneo A di Capodanno"]
[Site "Reggio nell'Emilia ITA"]
[Date "1988.12.30"]
[Round "3"]
[White "Gurevich, Mikhail N."]
[Black "Sokolov, Ivan"]
[WhiteElo "2630"]
[BlackElo "2570"]
[Result "1-0"]
[PlyCount "67"]
[EventDate "1988.12.28"]

1. d4 Nf6 2. c4 g6 3. Nc3 d5 4. cxd5 Nxd5 5. e4 Nxc3 6. bxc3 Bg7 7. Qa4+ Nd7 8.
Nf3 c5 9. Bg5 O-O 10. Rc1 Qc7 11. Bd3 h6 12. Be3 a6 13. Qa3 b6 14. e5 Bb7 15.
h4 e6 16. Qb3 Bd5 17. Qd1 Rad8 18. Qe2 Rc8 19. O-O b5 20. h5 Qb7 21. hxg6 f6
22. exf6 Rxf6 23. Nh4 e5 24. Qh5 e4 25. Bxh6 Bxh6 26. Qxh6 Nf8 27. Bb1 Rcc6 28.
Qg5 Rce6 29. dxc5 Bc6 30. Bc2 Rxg6 31. Nxg6 Rxg6 32. Bb3+ Kh8 33. Qe5+ Kh7 34.
Rfd1 1-0

[Event "XXXI Torneo A di Capodanno"]
[Site "Reggio nell'Emilia ITA"]
[Date "1988.12.30"]
[Round "3"]
[White "Sax, Gyula"]
[Black "Andersson, Ulf"]
[WhiteElo "2600"]
[BlackElo "2625"]
[Result "0-1"]
[PlyCount "101"]
[EventDate "1988.12.28"]

1. e4 e6 2. d4 d5 3. Nc3 Nf6 4. Bg5 dxe4 5. Nxe4 Be7 6. Bxf6 gxf6 7. Nf3 f5 8.
Nc3 Bf6 9. Qd2 c5 10. Bb5+ Bd7 11. Bxd7+ Nxd7 12. O-O-O Qa5 13. Kb1 O-O-O 14.
Qh6 Rhg8 15. g3 Bg7 16. Qf4 cxd4 17. Nxd4 a6 18. Rd2 Qe5 19. Qh4 Qf6 20. Qxf6
Nxf6 21. f3 h5 22. Rd3 h4 23. Nde2 Rxd3 24. cxd3 Rh8 25. Rg1 hxg3 26. hxg3 Rh2
27. g4 fxg4 28. fxg4 Kd7 29. Kc1 Nd5 30. Kd1 Ne3+ 31. Kd2 Ng2 32. g5 Nh4 33.
Rf1 Nf5 34. Ne4 Bd4 35. b3 Ke7 36. Rf3 Bb6 37. N4g3 Nd4 38. Rf4 Rg2 39. Re4
Nxe2 40. Nxe2 Rxg5 41. Kd1 Bc5 42. Rc4 Bd6 43. Nc3 f5 44. a4 Rg1+ 45. Ke2 Rg2+
46. Kf3 Rb2 47. Ke3 Rxb3 48. Ne2 Rb4 49. Rxb4 Bxb4 50. d4 Bd6 51. Nc1 0-1

[Event "XXXI Torneo A di Capodanno"]
[Site "Reggio nell'Emilia ITA"]
[Date "1988.12.31"]
[Round "4"]
[White "Andersson, Ulf"]
[Black "Damljanovic, Branko"]
[WhiteElo "2625"]
[BlackElo "2565"]
[Result "1-0"]
[PlyCount "95"]
[EventDate "1988.12.28"]

1. Nf3 Nf6 2. c4 g6 3. g3 Bg7 4. Bg2 O-O 5. O-O d6 6. Nc3 c6 7. d3 a6 8. Qc2 b5
9. b3 Bb7 10. Bb2 Nbd7 11. Nd2 Rb8 12. d4 Ne8 13. e3 e6 14. Rfd1 Qe7 15. Rac1
c5 16. Bxb7 cxd4 17. Bc6 dxc3 18. Bxc3 Bxc3 19. Qxc3 b4 20. Qd4 Nc5 21. Bxe8
Rfxe8 22. Ne4 Nxe4 23. Qxe4 Rbc8 24. Rc2 Red8 25. Rcd2 a5 26. Qf4 g5 27. Qf3
Rc5 28. Rd4 Kf8 29. R1d2 h6 30. Qd1 Rc6 31. e4 f6 32. R4d3 Kg7 33. h3 Qc7 34.
Qg4 Re8 35. h4 Qe7 36. Kg2 Rd8 37. Qd1 Qb7 38. Kh2 Qe7 39. f4 gxf4 40. gxf4 Kh7
41. Rg2 Rcc8 42. Rdg3 Rg8 43. Qh5 Rxg3 44. Rxg3 Rg8 45. Rxg8 Kxg8 46. Qxh6 Qg7
47. Qxg7+ Kxg7 48. e5 1-0

[Event "XXXI Torneo A di Capodanno"]
[Site "Reggio nell'Emilia ITA"]
[Date "1988.12.31"]
[Round "4"]
[White "Gurevich, Mikhail N."]
[Black "Ivanchuk, Vassily"]
[WhiteElo "2630"]
[BlackElo "2625"]
[Result "1-0"]
[PlyCount "121"]
[EventDate "1988.12.28"]

1. d4 Nf6 2. c4 g6 3. Nc3 Bg7 4. e4 d6 5. Nf3 O-O 6. Be2 e5 7. O-O Nc6 8. d5
Ne7 9. Nd2 a5 10. a3 Bd7 11. b3 c5 12. Rb1 Ne8 13. b4 b6 14. bxc5 dxc5 15. Nf3
Nd6 16. Bg5 Rb8 17. Nd2 f6 18. Bh4 h5 19. Bg3 Bh6 20. h3 Nf7 21. Bd3 Nc8 22.
Ne2 Ba4 23. Qxa4 Bxd2 24. Rb2 Bh6 25. Rfb1 Rb7 26. Qc2 Re8 27. Nc3 Ra7 28. Na4
Ra6 29. Rb3 Nfd6 30. Be2 Kh7 31. Kh1 Re7 32. Bh2 Rf7 33. Bd3 Kg8 34. Qe2 Re7
35. Bc2 Bg5 36. Qf1 Kg7 37. Bd3 Bh6 38. R3b2 Re8 39. Nc3 Ra7 40. Bc2 Rf8 41.
Na4 Ra6 42. Bd3 Re8 43. Qe2 Bg5 44. Bg3 f5 45. f3 f4 46. Bf2 Qc7 47. Qe1 Bd8
48. Qg1 Nb7 49. g4 h4 50. Qd1 g5 51. Bc2 Nbd6 52. Qd3 Re7 53. Nc3 Kf7 54. Ba4
Na7 55. Ne2 Qc8 56. Nc1 Rb7 57. Qc3 Bf6 58. Nd3 Kg7 59. Kh2 Qc7 60. Rg1 Nf7 61.
Bxc5 1-0

[Event "XXXI Torneo A di Capodanno"]
[Site "Reggio nell'Emilia ITA"]
[Date "1988.12.31"]
[Round "4"]
[White "Ribli, Zoltan"]
[Black "Sax, Gyula"]
[WhiteElo "2630"]
[BlackElo "2600"]
[Result "1/2-1/2"]
[PlyCount "31"]
[EventDate "1988.12.28"]

1. d4 Nf6 2. c4 e6 3. Nf3 b6 4. g3 Bb7 5. Bg2 Be7 6. O-O O-O 7. Nc3 Ne4 8. Nxe4
Bxe4 9. Nh4 Bxg2 10. Nxg2 d5 11. Qc2 dxc4 12. Qxc4 c5 13. Be3 Nd7 14. dxc5 Bxc5
15. Rfd1 Qe7 16. Bxc5 1/2-1/2

[Event "XXXI Torneo A di Capodanno"]
[Site "Reggio nell'Emilia ITA"]
[Date "1988.12.31"]
[Round "4"]
[White "Sokolov, Ivan"]
[Black "Ehlvest, Jaan"]
[WhiteElo "2570"]
[BlackElo "2580"]
[Result "0-1"]
[PlyCount "104"]
[EventDate "1988.12.28"]

1. c4 g6 2. d4 Bg7 3. Nc3 d6 4. Nf3 e5 5. dxe5 dxe5 6. Qxd8+ Kxd8 7. Bg5+ f6 8.
Rd1+ Ke8 9. Bc1 Be6 10. e4 c6 11. b3 Bf8 12. a3 a5 13. h3 Nh6 14. Be2 Nf7 15.
Kd2 Bc5 16. Rhf1 Nd7 17. Kc2 Nb6 18. Bb2 Ke7 19. Nb1 Nc8 20. Ne1 Ncd6 21. Nd2
Ba7 22. Kc1 Ng5 23. f4 Ngxe4 24. fxe5 fxe5 25. Bxe5 Rhd8 26. Nxe4 Nxe4 27. Nf3
Be3+ 28. Kb2 a4 29. b4 Nf2 30. Rxd8 Rxd8 31. Re1 Nd3+ 32. Bxd3 Rxd3 33. Bc3 Bf4
34. Nd4 Re3 35. Rxe3 Bxe3 36. Nxe6 Kxe6 37. g4 b5 38. cxb5 cxb5 39. Kc2 Kd5 40.
Bb2 Ke4 41. h4 Bd4 42. Bc1 Bf6 43. h5 g5 44. h6 Kf3 45. Kd3 Kxg4 46. Ke4 Kh5
47. Kd5 Kxh6 48. Kc5 Kg6 49. Kxb5 h5 50. Kxa4 h4 51. Be3 h3 52. Bg1 Be5 0-1

[Event "XXXI Torneo A di Capodanno"]
[Site "Reggio nell'Emilia ITA"]
[Date "1989.01.01"]
[Round "5"]
[White "Sax, Gyula"]
[Black "Gurevich, Mikhail N."]
[WhiteElo "2600"]
[BlackElo "2630"]
[Result "1/2-1/2"]
[PlyCount "22"]
[EventDate "1988.12.28"]

1. e4 e6 2. d4 d5 3. Nc3 Bb4 4. e5 Ne7 5. a3 Bxc3+ 6. bxc3 c5 7. Qg4 Kf8 8. Bd3
Qa5 9. Bd2 Qa4 10. c4 dxc4 11. dxc5 Bd7 1/2-1/2

[Event "XXXI Torneo A di Capodanno"]
[Site "Reggio nell'Emilia ITA"]
[Date "1989.01.03"]
[Round "6"]
[White "Andersson, Ulf"]
[Black "Ehlvest, Jaan"]
[WhiteElo "2625"]
[BlackElo "2580"]
[Result "1/2-1/2"]
[PlyCount "31"]
[EventDate "1988.12.28"]

1. d4 d5 2. c4 c6 3. cxd5 cxd5 4. Nf3 Nf6 5. Nc3 Nc6 6. Bf4 Bf5 7. e3 e6 8. Bd3
Bxd3 9. Qxd3 Bd6 10. Bxd6 Qxd6 11. O-O O-O 12. Rac1 Rfc8 13. Qb1 Ne7 14. Ne2
Rxc1 15. Rxc1 Rc8 16. Rxc8+ 1/2-1/2

[Event "XXXI Torneo A di Capodanno"]
[Site "Reggio nell'Emilia ITA"]
[Date "1989.01.03"]
[Round "6"]
[White "Ribli, Zoltan"]
[Black "Georgiev, Kiril D."]
[WhiteElo "2630"]
[BlackElo "2595"]
[Result "1/2-1/2"]
[PlyCount "98"]
[EventDate "1988.12.28"]

1. Nf3 d5 2. d4 Nf6 3. c4 e6 4. Nc3 Be7 5. Bg5 h6 6. Bh4 O-O 7. e3 b6 8. Bd3
Bb7 9. Bxf6 Bxf6 10. cxd5 exd5 11. O-O c5 12. Rc1 cxd4 13. Nxd4 Nc6 14. Nce2
Nxd4 15. Nxd4 Bxd4 16. exd4 Qd6 17. Re1 Rac8 18. Rxc8 Bxc8 19. a3 Bd7 20. Qh5
Re8 21. Rxe8+ Bxe8 22. Qf5 Qg6 23. Qh3 Qc6 24. Qe3 Bd7 25. h3 Qd6 26. f4 f6 27.
Bg6 Kf8 28. f5 Qc7 29. b4 Qd6 30. Kf2 Qc7 31. Kf3 Qd6 32. Kg4 Qc7 33. Kh5 Qd6
34. g4 Qc7 35. h4 Qd6 36. Qb3 b5 37. Qe3 Qc7 38. Qf2 Qd6 39. g5 hxg5 40. hxg5
fxg5 41. Kxg5 Qf6+ 42. Kh5 Be8 43. Bxe8 Kxe8 44. Qe3+ Kf7 45. Qf4 Qh6+ 46. Kg4
Qxf4+ 47. Kxf4 Kf6 48. Kg4 g5 49. fxg6 Kxg6 1/2-1/2

[Event "XXXI Torneo A di Capodanno"]
[Site "Reggio nell'Emilia ITA"]
[Date "1989.01.03"]
[Round "6"]
[White "Sokolov, Ivan"]
[Black "Anand, Viswanathan"]
[WhiteElo "2570"]
[BlackElo "2555"]
[Result "1/2-1/2"]
[PlyCount "26"]
[EventDate "1988.12.28"]

1. d4 Nf6 2. c4 e6 3. Nf3 b6 4. g3 Bb7 5. Bg2 Be7 6. O-O O-O 7. Nc3 Ne4 8. Nxe4
Bxe4 9. Ne1 Bxg2 10. Nxg2 d5 11. Qc2 dxc4 12. Qxc4 c5 13. Be3 Nd7 1/2-1/2

[Event "XXXI Torneo A di Capodanno"]
[Site "Reggio nell'Emilia ITA"]
[Date "1989.01.04"]
[Round "7"]
[White "Ehlvest, Jaan"]
[Black "Ribli, Zoltan"]
[WhiteElo "2580"]
[BlackElo "2630"]
[Result "1/2-1/2"]
[PlyCount "31"]
[EventDate "1988.12.28"]

1. d4 Nf6 2. c4 e6 3. Nf3 b6 4. g3 Bb7 5. Bg2 Be7 6. O-O O-O 7. Nc3 Ne4 8. Nxe4
Bxe4 9. Ne1 Bxg2 10. Nxg2 d5 11. Qa4 dxc4 12. Qxc4 c5 13. dxc5 Bxc5 14. Be3 Nd7
15. Bxc5 Nxc5 16. Rad1 1/2-1/2

[Event "XXXI Torneo A di Capodanno"]
[Site "Reggio nell'Emilia ITA"]
[Date "1989.01.04"]
[Round "7"]
[White "Georgiev, Kiril D."]
[Black "Gurevich, Mikhail N."]
[WhiteElo "2595"]
[BlackElo "2630"]
[Result "1/2-1/2"]
[PlyCount "37"]
[EventDate "1988.12.28"]

1. d4 Nf6 2. c4 e6 3. Nc3 Bb4 4. Qc2 c5 5. dxc5 Qc7 6. Bg5 Qxc5 7. Bxf6 gxf6 8.
a3 Qa5 9. Rc1 Bxc3+ 10. Qxc3 Qxc3+ 11. Rxc3 b6 12. Nh3 Bb7 13. Nf4 Ke7 14. e3
Nc6 15. f3 Rac8 16. Be2 Ne5 17. Kf2 Rc7 18. Rhc1 Rhc8 19. e4 1/2-1/2

[Event "XXXI Torneo A di Capodanno"]
[Site "Reggio nell'Emilia ITA"]
[Date "1989.01.04"]
[Round "7"]
[White "Sax, Gyula"]
[Black "Sokolov, Ivan"]
[WhiteElo "2600"]
[BlackElo "2570"]
[Result "1/2-1/2"]
[PlyCount "29"]
[EventDate "1988.12.28"]

1. e4 e5 2. Nf3 Nc6 3. Bb5 a6 4. Ba4 Nf6 5. O-O Be7 6. Bxc6 dxc6 7. d3 Qd6 8.
b3 Be6 9. Bb2 Nd7 10. d4 exd4 11. Qxd4 Bf6 12. Qxd6 cxd6 13. Bxf6 Nxf6 14. Nc3
O-O-O 15. Nd4 1/2-1/2

[Event "XXXI Torneo A di Capodanno"]
[Site "Reggio nell'Emilia ITA"]
[Date "1989.01.05"]
[Round "8"]
[White "Ivanchuk, Vassily"]
[Black "Georgiev, Kiril D."]
[WhiteElo "2625"]
[BlackElo "2595"]
[Result "1/2-1/2"]
[PlyCount "112"]
[EventDate "1988.12.28"]

1. d4 Nf6 2. c4 e6 3. Nf3 d5 4. g3 dxc4 5. Bg2 a6 6. O-O Nc6 7. e3 Rb8 8. Nfd2
Nb4 9. Nxc4 b5 10. Ne5 Nd7 11. Nxd7 Qxd7 12. a3 Nd5 13. Qc2 Bb7 14. Nd2 Be7 15.
Nb3 O-O 16. Bd2 Rfc8 17. Rfd1 f5 18. f3 Nf6 19. Bb4 Bd6 20. e4 fxe4 21. fxe4
Qe8 22. Rac1 Nd7 23. Qd2 Nb6 24. Na5 Ba8 25. Rc2 Rd8 26. Bxd6 cxd6 27. d5 Rbc8
28. Rxc8 Nxc8 29. Bh3 exd5 30. exd5 Qh5 31. Be6+ Kh8 32. g4 Qg6 33. Bf5 Qf7 34.
Nc6 Rf8 35. Qe3 Re8 36. Be6 Qc7 37. Qf3 h6 38. Nd4 Nb6 39. g5 Qe7 40. gxh6 gxh6
41. Qh5 Qg5+ 42. Qxg5 hxg5 43. Nf5 Bxd5 44. Bxd5 Re5 45. Nxd6 Rxd5 46. Nf7+ Kg8
47. Rxd5 Nxd5 48. Nxg5 Ne3 49. Ne4 Nc4 50. b4 Nxa3 51. Nc5 Kf7 52. Nxa6 Nc2 53.
Kf2 Kg6 54. Ke2 Kh5 55. Kd3 Nxb4+ 56. Nxb4 Kh4 1/2-1/2

[Event "XXXI Torneo A di Capodanno"]
[Site "Reggio nell'Emilia ITA"]
[Date "1989.01.05"]
[Round "8"]
[White "Ribli, Zoltan"]
[Black "Anand, Viswanathan"]
[WhiteElo "2630"]
[BlackElo "2555"]
[Result "1-0"]
[PlyCount "75"]
[EventDate "1988.12.28"]

1. Nf3 Nf6 2. c4 e6 3. Nc3 Bb4 4. g3 O-O 5. Bg2 b6 6. Ne5 c6 7. O-O Bb7 8. d4
d6 9. Nd3 Bxc3 10. bxc3 Ba6 11. c5 bxc5 12. dxc5 d5 13. Bf4 Nbd7 14. Bd6 Re8
15. Qa4 Bb5 16. Qd4 Qa5 17. a4 Bxd3 18. exd3 e5 19. Qb4 Qa6 20. d4 exd4 21.
cxd4 Ne4 22. Rfe1 Ndf6 23. Be5 Qd3 24. Qb1 Qd2 25. Ra2 Qa5 26. Qc1 Nd7 27. Bxe4
dxe4 28. Rxe4 Re6 29. Rae2 Rae8 30. Qc2 Nxe5 31. Rxe5 Rxe5 32. dxe5 Qb4 33. Re4
Qa3 34. Kg2 g6 35. Qc4 Re6 36. Qd4 Qb3 37. Re3 Qc2 38. Rf3 1-0

[Event "XXXI Torneo A di Capodanno"]
[Site "Reggio nell'Emilia ITA"]
[Date "1989.01.05"]
[Round "8"]
[White "Sax, Gyula"]
[Black "Damljanovic, Branko"]
[WhiteElo "2600"]
[BlackElo "2565"]
[Result "0-1"]
[PlyCount "112"]
[EventDate "1988.12.28"]

1. e4 c5 2. Nf3 Nc6 3. d4 cxd4 4. Nxd4 e6 5. Nc3 Qc7 6. Be3 a6 7. f4 b5 8. Bd3
Bb7 9. Nb3 d6 10. Qf3 Nf6 11. O-O Be7 12. Qh3 e5 13. f5 Nb8 14. a3 h5 15. Kh1
Nbd7 16. Rad1 Bc6 17. Qf3 Rb8 18. Bd2 Ba8 19. Bg5 Ng4 20. Be3 Nxe3 21. Qxe3 Nf6
22. Be2 Bd8 23. Qd3 Ke7 24. Rd2 Qb6 25. Rfd1 Bc7 26. Bf3 Bc6 27. Qe2 a5 28.
Nd5+ Bxd5 29. exd5 Kd8 30. Rd3 b4 31. a4 Rc8 32. Nd2 Bb8 33. Ne4 h4 34. Qd2 Ba7
35. c3 Ke7 36. cxb4 Qxb4 37. Qxb4 axb4 38. h3 Nxe4 39. Bxe4 Rc4 40. Bf3 Kf6 41.
R3d2 Kxf5 42. Be2 Rf4 43. Bb5 Bc5 44. a5 Ra8 45. a6 e4 46. Bc4 Ke5 47. b3 f5
48. Re2 g5 49. Kh2 Ra7 50. Rc2 Rf2 51. Re2 Rg7 52. Bb5 Rxe2 53. Bxe2 Bd4 54.
Bb5 Kxd5 55. Rf1 Ke5 56. Be8 d5 0-1

[Event "XXXI Torneo A di Capodanno"]
[Site "Reggio nell'Emilia ITA"]
[Date "1989.01.05"]
[Round "8"]
[White "Sokolov, Ivan"]
[Black "Andersson, Ulf"]
[WhiteElo "2570"]
[BlackElo "2625"]
[Result "0-1"]
[PlyCount "132"]
[EventDate "1988.12.28"]

1. d4 Nf6 2. c4 e6 3. Nc3 Bb4 4. e3 O-O 5. Bd3 d5 6. cxd5 exd5 7. Nge2 Nc6 8.
O-O Ne7 9. f3 Ng6 10. Bc2 c6 11. Kh1 Be6 12. a3 Bd6 13. h3 Nh5 14. e4 dxe4 15.
fxe4 Ng3+ 16. Nxg3 Bxg3 17. Be3 Bc7 18. e5 Bb6 19. Qd2 Qd7 20. Rf3 Rad8 21. Rd1
Qc8 22. Qf2 Rd7 23. Rg3 Bd8 24. Bg5 Bxg5 25. Rxg5 Qd8 26. Qe3 Qe7 27. Ne4 b6
28. Rf1 Rfd8 29. Nd6 Rxd6 30. exd6 Rxd6 31. Rg3 Qd7 32. Rd1 Ne7 33. Qe5 g6 34.
Be4 Bf5 35. Re3 h5 36. b4 Bxe4 37. Rxe4 Nd5 38. Qe8+ Kg7 39. Rc1 Qxe8 40. Rxe8
Nf4 41. Rc8 Ne2 42. R8xc6 Rxd4 43. R1c2 Rd1+ 44. Kh2 Nd4 45. Rc1 Rd2 46. Rc7 a5
47. bxa5 bxa5 48. Ra7 h4 49. Kh1 Ne2 50. Rb1 Rd5 51. Kh2 Rf5 52. Rab7 Rf4 53.
R7b5 Nc3 54. R1b3 Nxb5 55. Rxb5 Ra4 56. Rb3 g5 57. Kg1 Kg6 58. Kf2 f6 59. Ke3
Rc4 60. Kd3 Rf4 61. Ke3 Rc4 62. Kd3 Rc5 63. a4 Rf5 64. Kc4 Rf2 65. g3 hxg3 66.
Rxg3 Rb2 0-1

[Event "XXXI Torneo A di Capodanno"]
[Site "Reggio nell'Emilia ITA"]
[Date "1989.01.07"]
[Round "9"]
[White "Anand, Viswanathan"]
[Black "Gurevich, Mikhail N."]
[WhiteElo "2555"]
[BlackElo "2630"]
[Result "1/2-1/2"]
[PlyCount "31"]
[EventDate "1988.12.28"]

1. e4 d6 2. d4 Nf6 3. Nc3 g6 4. Nf3 Bg7 5. Be2 O-O 6. O-O Bg4 7. Be3 Nc6 8. Qd2
e5 9. d5 Ne7 10. Rad1 Bd7 11. Ne1 Ng4 12. Bxg4 Bxg4 13. f3 Bd7 14. f4 exf4 15.
Bxf4 f5 16. exf5 1/2-1/2

[Event "XXXI Torneo A di Capodanno"]
[Site "Reggio nell'Emilia ITA"]
[Date "1989.01.07"]
[Round "9"]
[White "Andersson, Ulf"]
[Black "Ribli, Zoltan"]
[WhiteElo "2625"]
[BlackElo "2630"]
[Result "1/2-1/2"]
[PlyCount "58"]
[EventDate "1988.12.28"]

1. d4 Nf6 2. Nf3 b6 3. g3 Bb7 4. Bg2 c5 5. O-O g6 6. c4 cxd4 7. Nxd4 Bxg2 8.
Kxg2 Qc8 9. b3 Bg7 10. Nc3 Qb7+ 11. f3 O-O 12. e4 d6 13. Be3 Nbd7 14. Qd2 Rfe8
15. Nd5 a6 16. Rac1 e6 17. Nxf6+ Nxf6 18. Rc2 Rec8 19. Rfc1 Rc7 20. Ne2 Ne8 21.
Nf4 Rac8 22. Nd3 Rb8 23. Bh6 Bh8 24. Nf2 Rbc8 25. Be3 b5 26. cxb5 Rxc2 27. Rxc2
Rxc2 28. Qxc2 Qxb5 29. Nd3 Bf6 1/2-1/2

[Event "XXXI Torneo A di Capodanno"]
[Site "Reggio nell'Emilia ITA"]
[Date "1989.01.07"]
[Round "9"]
[White "Ehlvest, Jaan"]
[Black "Ivanchuk, Vassily"]
[WhiteElo "2580"]
[BlackElo "2625"]
[Result "1/2-1/2"]
[PlyCount "48"]
[EventDate "1988.12.28"]

1. e4 e5 2. Nf3 Nc6 3. Bb5 Nd4 4. Nxd4 exd4 5. O-O Bc5 6. Bc4 d6 7. c3 c6 8. d3
Nf6 9. Nd2 O-O 10. cxd4 Bg4 11. Nf3 Bxd4 12. h3 Bxf3 13. Qxf3 d5 14. Bb3 Re8
15. Re1 Nd7 16. Bd2 Ne5 17. Qg3 a5 18. Bc3 Bxc3 19. bxc3 a4 20. Bd1 dxe4 21.
Rxe4 Nd7 22. Rxe8+ Qxe8 23. Bg4 Nf6 24. Bf3 Nd5 1/2-1/2